00452nam a2200193Ia 4500003000400000005001700004008004100021020002200062040000700084041000800091082001600099100002200115245004200137260002600179300001200205365001300217650001200230650001600242OSt20230626144611.0210423s9999 xx 000 0 und d a978-93-325-1903-9 cAL aeng a512.02 FRAF aFRALEIGH (John B) aFirst course in abstract algebra Ed 7 bPearsonaLondonc2014 a456bPB b799cINR aAlgebra aMathematics